Представление документа в формате MARC21

Поле Инд. ПП Название Значение
Тип записи a
Библиографический уровень m
001 Контрольный номер f954ef33242b4a1ebf00b256c4bd98b9
005 Дата корректировки 20240404114003.2
022 0_ a ISSN 0132-3474
097 a Костяева О.Г.
245 10 a Заглавие Программирование
260 b Издательство Федеральное государственное унитарное предприятие "Академический научно-издательский, производственно-полиграфический и книгораспространительский центр "Наука"
a Место издания Москва
c Дата издания 2017
514 d Специфические данные журнала входит в Белый список; входит в ядро РИНЦ;журнал из перечня ВАК; входит в базу данных RSCI; ненулевой импакт-фактор;
z *
f Квартиль У2 Белый список
650 04 a Основная рубрика математика; автоматика; вычислительная техника
773 18 b Сведения об издании Наука
856 40 d Путь https://elibrary.ru/title_about.asp?id=7966
u URL http://link.springer.com/journal/11086
901 t Тип документа u
952 c Вид литературы журнал